Statistiken für Hauptstädte der Bundesländer (Österreich)

Klicken Sie hier um das Quiz zu spielen!

Allgemein

  • Dieses Quiz wurde 238 mal gespielt
  • Das Durchschnittsergebnis liegt bei 7 aus 9

Antwortstatistiken

BundesländerHauptstadt% Korrekt
SalzburgSalzburg
98%
WienWien
96%
ÖberösterreichLinz
87%
SteiermarkGraz
83%
TirolInnsbruck
81%
KärntenKlagenfurt
68%
VorarlbergBregenz
59%
NiederöstereichSt. Pölten
55%
BurgenlandEisenstadt
51%

Verteilung der Resultate

Perzentil nach korrekt beantworteten Fragen

Anzahl Personen mit jedem Resultat

Ihre Resultats-Entwicklung

Sie haben dieses Quiz noch nicht gespielt